Satpaev guidance/ (Record no. 616652)
[ view plain ]
| 000 -LEADER | |
|---|---|
| fixed length control field | 00404nam a22001697a 4500 |
| 020 ## - INTERNATIONAL STANDARD BOOK NUMBER | |
| International Standard Book Number | 9965736030 |
| 082 ## - DEWEY DECIMAL CLASSIFICATION NUMBER | |
| Classification number | 550.92 |
| Author Mark | BAK |
| 100 ## - MAIN ENTRY--PERSONAL NAME | |
| Personal name | Bakenov, M. M. |
| 245 ## - TITLE STATEMENT | |
| Title | Satpaev guidance/ |
| Statement of responsibility, etc. | M. M. Bakenov, |
| 260 ## - PUBLICATION, DISTRIBUTION, ETC. | |
| Place of publication, distribution, etc. | Almaty: |
| Name of publisher, distributor, etc. | kazNTU; |
| Date of publication, distribution, etc. | 2008. |
| 300 ## - PHYSICAL DESCRIPTION | |
| Extent | 160p. |
| 504 ## - BIBLIOGRAPHY, ETC. NOTE | |
| Bibliography, etc. note | Kazakh Language |
| 563 ## - BINDING INFORMATION | |
| Binding note | PB |
| 650 ## - SUBJECT ADDED ENTRY--TOPICAL TERM | |
| Topical term or geographic name entry element | Geologists |
| 650 ## - SUBJECT ADDED ENTRY--TOPICAL TERM | |
| Topical term or geographic name entry element | Biography |
| 942 ## - ADDED ENTRY ELEMENTS (KOHA) | |
| Source of classification or shelving scheme | |
| Koha item type | Book |
| 650 ## - SUBJECT ADDED ENTRY--TOPICAL TERM | |
| -- | 133688 |
| 650 ## - SUBJECT ADDED ENTRY--TOPICAL TERM | |
| -- | 461 |
| Withdrawn status | Lost status | Source of classification or shelving scheme | Materials specified (bound volume or other part) | Damaged status | Not for loan | Permanent Location | Current Location | Date acquired | Coded location qualifier | Total Checkouts | Full call number | Barcode | Date last seen | Price effective from | Koha item type | Public note |
|---|---|---|---|---|---|---|---|---|---|---|---|---|---|---|---|---|
| Satbayev Centre | Central Library (CL) | Central Library (CL) | 03/12/2026 | Satbayev C | 550.92 BAK | CL-D-3235 | 03/12/2026 | 03/12/2026 | Book | Satbayev Centre | ||||||
| Satbayev Centre | Central Library (CL) | Central Library (CL) | 03/12/2026 | Satbayev C | 550.92 BAK | CL-D-3237 | 03/12/2026 | 03/12/2026 | Book | Satbayev Centre | ||||||
| Satbayev Centre | Central Library (CL) | Central Library (CL) | 03/12/2026 | Satbayev C | 550.92 BAK | CL-D-3236 | 03/12/2026 | 03/12/2026 | Book | Satbayev Centre |
